00334pab a2200133 454500008004000000100001600040245005500056260000900111300001200120362001200132650001900144650001100163773002600174180718b2000 xxu||||| |||| 00| 0 eng d aSidhu, H.S. aReform initiatives in police at the district level c2000 ap.80-98 aOct-Dec aPolice - India aPolice aIndian Police Journal